Fußballer anhand von ihrem Zeitstrahl erkennen - Statistiken

Allgemein
  • Dieses Quiz wurde 383 mal gespielt
  • Das Durchschnittsergebnis liegt bei 10 aus 12
Antwortstatistiken
Bildquiz Antwort % Korrekt
Lionel Messi
95%
Toni Kroos
95%
Manuel Neuer
94%
Zlatan Ibrahimovic
92%
Kevin de Bruyne
89%
Luka Modric
88%
Antoine Griezmann
86%
Gianluigi Buffon
80%
Luis Suarez
80%
Andres Iniesta
78%
Paulo Dybala
73%
Lothar Matthäus
67%
Keine übereinstimmenden Quizze gefunden
Verteilung der Resultate
Anzahl Personen mit jedem Resultat
Perzentil nach korrekt beantworteten Fragen
Ihre Resultats-Entwicklung
Sie haben dieses Quiz noch nicht gespielt